[Event "St Petersburg-ch sf 85th"]
[Site "St Petersburg"]
[Date "2012.02.01"]
[Round "5.9"]
[White "Ivanov, Miroslav"]
[Black "Donskov, Anatoly"]
[Result "0-1"]
[WhiteElo "2070"]
[BlackElo "2306"]
[PlyCount "78"]
[EventDate "2012.01.28"]
[EventType "swiss"]
[EventRounds "9"]
[EventCountry "RUS"]
[SourceTitle "CBM 146 Extra"]
[Source "ChessBase"]
[SourceDate "2012.02.29"]
[SourceVersion "1"]
[SourceVersionDate "2012.02.29"]
[SourceQuality "1"]

1. e4 c5 2. Nf3 Nc6 3. d4 cxd4 4. Nxd4 Nf6 5. Nc3 d6 6. Be2 e5 7. Nf3 Be7 8. 0-0 h6 9. Re1 0-0 10. h3 Be6 11. Nh2 d5 12. exd5 Nxd5 13. Nxd5 Bxd5 14. Bf3 Bxf3 15. Nxf3 Bf6 16. Nd2 g6 17. c3 Bg7 18. Ne4 Qc7 19. Be3 Rad8 20. Qa4 b6 21. Nd2 f5 22. Nf1 Na5 23. Rad1 Nc4 24. Bc1 e4 25. Rxd8 Rxd8 26. Rd1 Rxd1 27. Qxd1 Kh7 28. Qd5 Ne5 29. Bf4 Nf3+ 30. gxf3 Qxf4 31. fxe4 fxe4 32. Qd2 Qf7 33. b3 Qf5 34. Qe3 Qa5 35. Ng3 Qxa2 36. c4 a5 37. Qxb6 Qb1+ 38. Kg2 a4 39. Qb5 a3 0-1

[Event "Chigorin Memorial 18th"]
[Site "St Petersburg"]
[Date "2010.10.30"]
[Round "3"]
[White "Ivanov, Miroslav"]
[Black "Shaydullina, Sandugach"]
[Result "0-1"]
[WhiteElo "2027"]
[BlackElo "2175"]
[PlyCount "106"]
[EventDate "2010.10.28"]
[EventType "swiss"]
[EventRounds "9"]
[EventCountry "RUS"]
[SourceTitle "EXT 2011"]
[Source "ChessBase"]
[SourceDate "2010.11.26"]
[SourceVersion "1"]
[SourceVersionDate "2010.11.26"]
[SourceQuality "1"]

1. Nf3 d5 2. d4 Nf6 3. e3 e6 4. c4 c5 5. Nc3 Nc6 6. a3 a6 7. Be2 dxc4 8. Bxc4 b5 9. Be2 cxd4 10. Nxd4 Nxd4 11. exd4 Bb7 12. Bf3 Bxf3 13. Qxf3 Rc8 14. Qb7 Rb8 15. Qxa6 Qxd4 16. 0-0 Qb6 17. Qxb6 Rxb6 18. Be3 Rb8 19. b4 Bd6 20. Bc5 Be5 21. Rac1 Bxc3 22. Rxc3 Nd5 23. Rg3 g6 24. Bd4 f6 25. Rc1 Kd7 26. Rf3 Rhc8 27. Rc5 e5 28. g4 Ke6 29. Rxc8 Rxc8 30. Bc5 e4 31. Rh3 Rc7 32. a4 bxa4 33. Ra3 Rd7 34. Rxa4 Nf4 35. Ra1 Nd3 36. Kf1 Kd5 37. Ra5 Kc4 38. Ra6 f5 39. gxf5 gxf5 40. Ke2 Nf4+ 41. Ke3 Nd5+ 42. Ke2 f4 43. Re6 Nc3+ 44. Kf1 f3 45. Rd6 Rxd6 46. Bxd6 Nd5 47. Ke1 Nxb4 48. Kd2 Nd5 49. Ke1 Nb4 50. Kd2 Nd5 51. Bb8 Kd4 52. Bg3 Nb6 53. Bb8 Nc4+ 0-1

[Event "Chigorin Memorial 18th"]
[Site "St Petersburg"]
[Date "2010.10.29"]
[Round "2"]
[White "Sivuk, Vitaly"]
[Black "Ivanov, Miroslav"]
[Result "1-0"]
[WhiteElo "2423"]
[BlackElo "2027"]
[PlyCount "43"]
[EventDate "2010.10.28"]
[EventType "swiss"]
[EventRounds "9"]
[EventCountry "RUS"]
[SourceTitle "EXT 2011"]
[Source "ChessBase"]
[SourceDate "2010.11.26"]
[SourceVersion "1"]
[SourceVersionDate "2010.11.26"]
[SourceQuality "1"]

1. e4 c5 2. Nf3 Nc6 3. Bb5 a6 4. Bxc6 bxc6 5. d3 Nf6 6. 0-0 d6 7. e5 Ng4 8. Qe2 dxe5 9. h3 Nf6 10. Nxe5 e6 11. Nd2 Bd6 12. Ndc4 Qc7 13. Bf4 Nd5 14. Bg3 0-0 15. Nxd6 Qxd6 16. Ng6 Qd8 17. Nxf8 Qxf8 18. Qe5 Nb4 19. Rfc1 f6 20. Qd6 e5 21. Qxf8+ Kxf8 22. f4 1-0

[Event "St Petersburg Autumn op"]
[Site "St Petersburg"]
[Date "2009.??.??"]
[Round "2"]
[White "Ivanov, Miroslav"]
[Black "Frolochkin, Vladimir"]
[Result "0-1"]
[WhiteElo "2090"]
[BlackElo "2305"]
[PlyCount "24"]
[EventDate "2009.10.??"]
[EventType "swiss"]
[EventRounds "9"]
[EventCountry "RUS"]
[SourceTitle "EXT 2011"]
[Source "ChessBase"]
[SourceDate "2010.11.26"]
[SourceVersion "1"]
[SourceVersionDate "2010.11.26"]
[SourceQuality "1"]

1. Nf3 d5 2. d4 Nf6 3. Nc3 c5 4. e3 Nc6 5. Be2 Bf5 6. a3 e6 7. 0-0 h6 8. Re1 Rc8 9. h3 Be7 10. Ne5 0-0 11. Nxc6 Rxc6 12. b3 cxd4 0-1

[Event "Neckar op-A 3rd"]
[Site "Deizisau"]
[Date "1999.04.02"]
[Round "2"]
[White "Ivanov, Miroslav"]
[Black "Namyslo, Holger"]
[Result "1/2-1/2"]
[WhiteElo "2090"]
[BlackElo "2229"]
[PlyCount "166"]
[EventDate "1999.04.??"]
[EventType "swiss"]
[EventRounds "8"]
[EventCountry "GER"]
[SourceTitle "EXT 2000"]
[Source "ChessBase"]
[SourceDate "1999.11.16"]
[SourceVersion "1"]
[SourceVersionDate "1999.11.16"]
[SourceQuality "1"]

1. d4 e6 2. Nf3 d5 3. c4 Nf6 4. g3 Be7 5. Bg2 0-0 6. Qc2 dxc4 7. Nbd2 Nc6 8. Qxc4 Qd5 9. 0-0 Rd8 10. e3 Qh5 11. e4 Bd7 12. e5 Nd5 13. Ne4 h6 14. Bd2 g5 15. Be3 Qg6 16. Nc5 Na5 17. Qc1 Bb5 18. Rd1 b6 19. Nb3 Nxb3 20. axb3 a5 21. Nd2 Rac8 22. Be4 Qh5 23. Nc4 Ba6 24. f3 Bb7 25. Bf2 Kh8 26. Qd2 Rg8 27. Qe2 Rcd8 28. Rac1 Rg7 29. Rc2 Ba8 30. Rdc1 Qh3 31. Kh1 Nb4 32. Rd2 Nd5 33. Rdc2 Nb4 34. Rd2 Nd5 35. Bg1 g4 36. f4 Bb4 37. Rdc2 c5 38. dxc5 bxc5 39. Nd6 Qh5 40. Bxc5 Bxc5 41. Rxc5 Rgg8 42. Rc8 Kg7 43. Rxd8 Rxd8 44. Rc8 Rxc8 45. Nxc8 f5 46. exf6+ Kxf6 47. Qd2 Qe8 48. Nd6 Qe7 49. Nc4 Qc5 50. f5 exf5 51. Qxh6+ Ke7 52. Qg5+ Ke8 53. Qxf5 Qd4 54. Qe5+ Qxe5 55. Nxe5 Ke7 56. Nxg4 Kd6 57. h4 Bc6 58. Kh2 Bd7 59. Nf2 Ne3 60. Bf3 Be6 61. g4 Bxb3 62. g5 Ke5 63. Nd3+ Kf5 64. Kg3 Nf1+ 65. Kf2 Nd2 66. Be2 Ne4+ 67. Ke3 Ng3 68. Bf3 Bc4 69. Bc6 Nf1+ 70. Kd4 Bg8 71. Bd7+ Kg6 72. Kc5 Kh5 73. Kb5 Kxh4 74. Kxa5 Kxg5 75. b4 Nd2 76. Bb5 Kf6 77. Nc5 Ke5 78. Ba6 Kd5 79. Na4 Nc4+ 80. Bxc4+ Kxc4 81. Nb6+ Kd4 82. Nd7 Bc4 83. Nc5 Kd5 1/2-1/2

[Event "Neckar op-A 3rd"]
[Site "Deizisau"]
[Date "1999.04.01"]
[Round "1"]
[White "Fleischer, Frank"]
[Black "Ivanov, Miroslav"]
[Result "0-1"]
[WhiteElo "2101"]
[BlackElo "2090"]
[PlyCount "78"]
[EventDate "1999.04.??"]
[EventType "swiss"]
[EventRounds "8"]
[EventCountry "GER"]
[SourceTitle "EXT 2000"]
[Source "ChessBase"]
[SourceDate "1999.11.16"]
[SourceVersion "1"]
[SourceVersionDate "1999.11.16"]
[SourceQuality "1"]

1. e4 c5 2. c4 g6 3. Ne2 Bg7 4. d4 Nc6 5. d5 Ne5 6. Nec3 d6 7. f4 Nd7 8. Bd3 Ngf6 9. 0-0 0-0 10. Nd2 e6 11. Nf3 a6 12. a4 Re8 13. Re1 exd5 14. cxd5 Qc7 15. Qb3 Nh5 16. g4 Nhf6 17. h3 h5 18. g5 Nh7 19. Kg2 Ndf8 20. Bd2 Kh8 21. Qc4 Nd7 22. Qb3 b6 23. Nd1 Bb7 24. Nf2 f6 25. h4 Rac8 26. Rac1 Qd8 27. Qd1 fxg5 28. hxg5 Bxb2 29. Bc3+ Bxc3 30. Rxc3 Qe7 31. Qe2 Qg7 32. Qc2 Rf8 33. Nh3 Rce8 34. Rb3 Re7 35. Re2 Bc8 36. f5 Ne5 37. Nh4 gxf5 38. exf5 Bxf5 39. Bxf5 Nxg5 0-1